000 00877nam a2200241Ia 4500
003 OSt
005 20220923225506.0
006 a|||||r|||| 00| 0
007 ta
008 220922b |||||||| |||| 00| 0 hin d
024 _a269,227
037 _cTextual
040 _aARTS
_cARTS
_bhin
041 _2hin
_ahin
082 _aQ29K2, N8;P0
100 _aमेहता, विमला
_9156290
245 0 _aप्रार्थना नित्य पाठ सेवा पूजा (संक्षिप्त) अर्थ सहित
246 _aPrārthanā nitya pāṭh sevā pūjā (sankṣpunta) artha sahita
260 _aनई दिल्ली
_b श्री प्राणनाथ मिशन
_c2000
650 _aधर्म
942 _hQ29K2, N8;P0
_cTEXL
_2CC
999 _c378564
_d378564